Quizz Teenwolf S3B - Statistiques

Statistiques générales
  • Ce quiz a été pris 33 fois
  • Le résultat moyen est 7 sur 10
Statistiques - réponses
Question Réponse % Correct
Quel esprit est Kira ? Kitsune
100%
Qui est possédé par le Nogitsune Stiles
100%
Qui est l'antagoniste principal de la saison 3B? Nogitsune
87%
Quelle créature protège le nogitsune ? Oni
87%
Qui meurt défitinivement ? Aiden
83%
Où est scellé le Nogitsune ? La Boîte
53%
Quelle émotion nourrit le Nogitsune ? Douleur
47%
Quelle épreuve a traumatisé Scott ? Noyade (Mort)
47%
Qui aide Stiles à se liberer ? Scott
37%
Qui est le corps du Nogitsune ? Stiles
37%
Aucun quiz correspondant
Distribution des résultats
% des personnes avec chaque résultat
Percentile par nombre de réponses
Votre historique - résultats
Vous n’avez pas pris ce quiz